000 00940nam a2200253 i 4500
001 110779
003 ES-MaACL
005 20230906185150.0
007 t|
008 070125s1926 sp l |||| | spa d
080 _a343(460)"1870"(094.4)
100 1 _aCastejón, Federico.
_936461
245 1 0 _aTratado de la responsabilidad /
_cpor Federico Castejón.
260 _aMadrid :
_bHijos de Reus,
_c1926.
300 _aXIV, 646 p. ;
_c23 cm.
490 1 _aComentarios científico-prácticos al Código penal de 1870 ;
_v2
490 1 _aBiblioteca jurídica de autores españoles y extranjeros ;
_v69
610 1 4 _aEspaña.
_tCódigo penal, 1870.
_9152867
650 4 _aResponsabilidad penal.
_916869
830 1 _aComentarios científico-prácticos al Código penal de 1870 ;
_v2
_9185664
830 1 _aBiblioteca jurídica de autores españoles y extranjeros ;
_v69
_9182228
852 4 _aES-MaACL
_jE-3068
999 _c110779
_d110779